000
00271nam a22001217a 4500
008
181101b xxu||||| |||| 00| 0 eng d
041
_a
eng
080
_2
3 th
_a
370
100
_a
47
101
_a
edu
245
_a
Toward Liberal Esducation
_c
Locke.g
942
_2
udc
_c
BK
999
_c
51558
_d
51558